Vista normal
Vista MARC
- Chaves, Silvia
Entrada Autor personal
Número de registros utilizados en: 1
001 - NUMERO DE CONTROL
- Campo de control: 1017
003 - IDENTIFICADOR DE NUMERO DE CONTROL
- Campo de control: CO-MdFUSB
005 - HORA Y FECHA DE LA ULTIMA TRANSACCIÓN
- Campo de control: 20220621160615.0
008 - CAMPO DE LONGITUD FIJA
- Campo fijo de descripción fija: 171010|| aca||aabn | a|a d
040 ## - AGENCIA DE CATALOGACIÓN ORIGINAL
- Lenguaje de catalogación: spa
- Agencia que hace la transcripción: CO-MdFUSB
100 ## - AUTOR PERSONAL
- Autor personal: Chaves, Silvia
370 ## - LUGARES ASOCIADOS
- País asociado: Argentina
375 ## - GENERO
- Género: Femenino.
670 ## - FUENTE EN LA QUE SE LOCALIZARON DATOS
- Fuente: Journal of Latin American Theology, 2016
- Fuente de información: (Silvia Chaves)
